000 01087nas a2200301 4500
001 BR9207014
003 BR-BrBNA
005 20231205100446.0
007 ta
008 230509b bl.|||p| |||| 00| 00por d
040 _aBR-BrBNA
_bpor
_cBiblioteca Nacional de Agricultura
041 _a(Pt)
072 _aP35; P33
100 1 _aHass, F.J.
100 1 _aHaag, H.P.
245 1 _aCorrelacoes entre as concentracoes de nutrientes, aluminio e sodio nas folhas de "Coast Cross no. 1" e a analise fisica e quimica de um latossol vermelho amarelo. 1. Concentracoes de nutrientes nas folhas em funcao das fracoes granulometricas do solo
650 _aAluminio
650 _aFertilidade do Solo
650 _aFisica do Solo
650 _aQuimica do Solo
650 _aNutriente
650 _aSodio
650 _aGranulometria
650 _aLatossolo Vermelho Amarelo
773 0 _tAnais da Escola Superior de Agricultura Luiz de Queiroz (Brazil)
_xISSN 0071-1276
_g(1989), v. 46(pt. 1) p. 81-92
_wBR9207014
909 _a202311
_bLúcia
_c55
_dLúcia Elande
942 _2AGRIS
_n0
_cANA
999 _c156139
_d156139